TV Fan Theories II Quiz Stats

Quiz Updated Jun 1, 2016

Also try: TV Fan Theories
Challenge
Share
Tweet
Embed
Score 0/20 Timer 07:00
1 Play Today
% Correct
House, M.D.
86.6%
Hannah Montana
67.8%
Full House
62.2%
The Office
60.8%
South Park
52.4%
The Fairly OddParents
51%
That '70s Show
50.4%
American Horror Story
45.9%
It's Always Sunny in Philadelphia
44.7%
Gilmore Girls
44.5%
% Correct
Fear the Walking Dead
42.4%
Supernatural
42.4%
Gossip Girl
42.2%
Friends
35%
Pokémon
30.4%
Boy Meets World
28.7%
Sesame Street
26.4%
Everybody Loves Raymond
23.3%
30 Rock
23%
The Vampire Diaries
18.6%

You're not logged in!

Compare scores with friends on all Sporcle quizzes.
Sign Up with Email
OR
Log In

You Might Also Like...

Show Comments

Extras

Top Quizzes Today


Score Distribution

Your Account Isn't Verified!

In order to create a playlist on Sporcle, you need to verify the email address you used during registration. Go to your Sporcle Settings to finish the process.